<?xml version="1.0" encoding="UTF-8"?>
<record
    xmlns:xsi="http://www.w3.org/2001/XMLSchema-instance"
    xsi:schemaLocation="http://www.loc.gov/MARC21/slim http://www.loc.gov/standards/marcxml/schema/MARC21slim.xsd"
    xmlns="http://www.loc.gov/MARC21/slim">

  <leader>00665nom a22001937a 4500</leader>
  <controlfield tag="005">20220609142509.0</controlfield>
  <controlfield tag="008">190719b        xxu||||| |||| 00| 0 spa d</controlfield>
  <datafield tag="041" ind1=" " ind2=" ">
    <subfield code="a">ESP</subfield>
  </datafield>
  <datafield tag="082" ind1=" " ind2=" ">
    <subfield code="a">Maniqu&#xED; de pr&#xE1;cticas para reanimaci&#xF3;n cardiopulmonar de 6 a 9 meses</subfield>
  </datafield>
  <datafield tag="245" ind1=" " ind2=" ">
    <subfield code="a">Maniqu&#xED; de pr&#xE1;cticas para reanimaci&#xF3;n cardiopulmonar de 6 a 9 meses</subfield>
  </datafield>
  <datafield tag="300" ind1=" " ind2=" ">
    <subfield code="a">1.58 Kg</subfield>
  </datafield>
  <datafield tag="300" ind1=" " ind2=" ">
    <subfield code="b">66 cm</subfield>
  </datafield>
  <datafield tag="300" ind1=" " ind2=" ">
    <subfield code="c">Masculino</subfield>
  </datafield>
  <datafield tag="500" ind1=" " ind2=" ">
    <subfield code="a">Contiene 2 boquillas y 2 sistemas de v&#xED;as respiratorias.

Se prestan para el mismo d&#xED;a, hasta las 7:50 pm</subfield>
  </datafield>
  <datafield tag="650" ind1=" " ind2=" ">
    <subfield code="a">MODELOS ANAT&#xD3;MICOS</subfield>
    <subfield code="9">63581</subfield>
  </datafield>
  <datafield tag="650" ind1=" " ind2=" ">
    <subfield code="a">REANIMACI&#xD3;N CARDIOPULMONAR</subfield>
    <subfield code="9">409</subfield>
  </datafield>
  <datafield tag="650" ind1=" " ind2=" ">
    <subfield code="a">RCP</subfield>
    <subfield code="9">412</subfield>
  </datafield>
  <datafield tag="942" ind1=" " ind2=" ">
    <subfield code="c">MA</subfield>
  </datafield>
  <datafield tag="999" ind1=" " ind2=" ">
    <subfield code="c">12134</subfield>
    <subfield code="d">12134</subfield>
  </datafield>
  <datafield tag="952" ind1=" " ind2=" ">
    <subfield code="0">0</subfield>
    <subfield code="1">0</subfield>
    <subfield code="4">0</subfield>
    <subfield code="7">0</subfield>
    <subfield code="l">28</subfield>
    <subfield code="o">Maniqu&#xED; de pr&#xE1;cticas para reanimaci&#xF3;n cardiopulmonar de 6 a 9 meses</subfield>
    <subfield code="p">ACT-7573</subfield>
    <subfield code="r">2025-08-19 13:02:06</subfield>
    <subfield code="s">2025-08-19</subfield>
    <subfield code="t">Kevin</subfield>
    <subfield code="w">2019-07-19</subfield>
    <subfield code="y">MA</subfield>
  </datafield>
</record>
